Teamwork

Enregistré dans:
Détails bibliographiques
Auteur principal: Clegg, Brian
Autres auteurs: Birch, Paul, Jungmann, Vilém
Format: Livre
Langue:tchèque
Publié: Brno CP Books 2005
Édition:2. vyd.
Collection:V kostce
Sujets:
Tags: Ajouter un tag
Pas de tags, Soyez le premier à ajouter un tag!

MARC

LEADER 00000nam$a2200000$$$4500
001 0038650
005 20240315114724.4
020 |a 80-251-0546-6 
041 0 |a cze 
044 |a CZ 
245 1 0 |a Teamwork  |c Brian Clegg, Paul Birch ; překlad: Vilém Jungmann 
250 |a 2. vyd. 
264 1 |a Brno  |b CP Books  |c 2005 
300 |a 97 s. 
490 1 |a V kostce 
830 0 |a V kostce 
610 2 0 |a práca tímová 
610 2 0 |a výkony pracovné 
610 2 0 |a spolupracovníci 
610 2 0 |a vzťahy pracovné 
610 2 0 |a vzťahy medziľudské 
610 2 0 |a hry 
610 2 0 |a poradenstvo 
100 1 |a Clegg, Brian 
700 1 |a Birch, Paul 
700 1 |a Jungmann, Vilém